01223nam a2200313Ia 4500001001200000003000800012006001900020007001500039008004100054010001700095020001500112020001800127040002100145035002100166050002500187245010600212260004800318300002400366490003800390504006400428533015200492650002600644650001100670655002900681700001700710710001700727830003900744856012600783ebr10255927CaPaEBRm u cr cn|||||||||080418s2008 njua sb 001 0 eng d z 2008299495 z9812813152 z9789812813152 aCaPaEBRcCaPaEBR a(OCoLC)56798264614aR857.R63bH36 2008eb00aHaptics for teleoperated surgical robotic systemsh[electronic resource] /cM. Tavakoli ... [et al.]. aHackensack, NJ :bWorld Scientific,cc2008. axix, 158 p. :bill.1 aNew frontiers in robotics ;vv. 1 aIncludes bibliographical references (p. 145-156) and index. aElectronic reproduction.bPalo Alto, Calif. :cebrary,d2011.nAvailable via World Wide Web.nAccess may be limited to ebrary affiliated libraries. 0aRobotics in medicine. 0aTouch. 7aElectronic books.2local1 aTavakoli, M.2 aebrary, Inc. 0aNew frontiers in robotics ;vv. 1.40uhttp://site.ebrary.com/lib/rucke/Doc?id=10255927zAn electronic book accessible through the World Wide Web; click to view